|
|
|
|
| LEADER |
00000nam2a2200000 4500 |
| 001 |
72101 |
| 005 |
20231101212627.0 |
| 010 |
|
|
|a 5948360172
|
| 035 |
|
|
|a (RuTPU)RU\TPU\book\76864
|
| 090 |
|
|
|a 72101
|
| 100 |
|
|
|a 20050104d2004 m y0rusy50 ca
|
| 101 |
1 |
|
|a rus
|c ger
|
| 102 |
|
|
|a RU
|
| 105 |
|
|
|a a j 001zy
|
| 200 |
0 |
|
|a Т. 2
|
| 210 |
|
|
|d 2004
|
| 215 |
|
|
|a 281 с.
|c ил.
|
| 320 |
|
|
|a Библиография в конце глав.
|
| 320 |
|
|
|a Предметный указатель: с. 276-281.
|
| 451 |
|
1 |
|0 (RuTPU)RU\TPU\book\126807
|y 5-94836-072-5
|t Современные методы аналитической химии
|o [учебник]
|o пер. с нем.
|f М. Отто
|e 2-е изд., испр.
|c М.
|n Техносфера
|d 2006
|p 544 с.
|s Мир химии ; 4-04
|a Отто, Маттиас
|
| 461 |
|
1 |
|0 (RuTPU)RU\TPU\book\63343
|t Современные методы аналитической химии
|o в 2 т.
|o пер. с нем.
|f М. Отто
|v Т. 2
|d 2003-
|s Мир химии
|
| 606 |
1 |
|
|a Аналитическая химия
|2 stltpush
|3 (RuTPU)RU\TPU\subj\67454
|9 83247
|
| 610 |
1 |
|
|a хроматографические методы
|
| 610 |
1 |
|
|a газовая хроматография
|
| 610 |
1 |
|
|a жидкостная хроматография
|
| 610 |
1 |
|
|a сверхкритическая флюидная хроматография
|
| 610 |
1 |
|
|a электрофорез
|
| 610 |
1 |
|
|a спектроскопия
|
| 610 |
1 |
|
|a хемометрика
|
| 610 |
1 |
|
|a лаборатории
|
| 610 |
1 |
|
|a механизация
|
| 610 |
1 |
|
|a автоматизация
|
| 610 |
1 |
|
|a химические сенсоры
|
| 675 |
|
|
|a 543(075.8)
|v 3
|
| 801 |
|
1 |
|a RU
|b 63413507
|c 20050104
|g PSBO
|
| 801 |
|
2 |
|a RU
|b 63413507
|c 20221202
|g PSBO
|
| 900 |
|
|
|a Физико-химические методы исследования в химии
|
| 942 |
|
|
|c BK
|